000 00319nam a2200145Ia 4500
005 20251222175924.0
008 251222s9999||||xx |||||||||||||| ||spa||
020 _a9788493678623
082 _a336/G46
100 _aGimer Grima, Fernando
245 0 _aEl Reto
250 _a1ra.ed.
264 _bRomeu
942 _cLIB
999 _c40790
_d40790